00677nam a2200289Ia 4500008004100000040001200041082001400053082001500067100002500082245001800107250000600125260001100131260003300142260000900175300001200184300000600196300001400202530000900216530001700225563001000242600002500252630001800277650003500295650001400330700002500344730001800369160525s9999||||xx |||||||||||||| ||und|| cmarathi aix/vaidya bBORI-98269 ashree mahadev vaidya apranavopasana b2 asatara bdr. shreepadm mahadev vaidya c1931 a5+3+303 ca ehardbound braje u00098142.pdf astudy ashree mahadev vaidya apranavopasana a"nyaya, yoga, tantra, vedanta" adarshanas ashree mahadev vaidya apranavopasana